| 000 | 01241nam a22002537a 4500 | ||
|---|---|---|---|
| 005 | 20170124103147.0 | ||
| 010 | _aB-241141 | ||
| 020 |
_c250.00 _a8188457310 |
||
| 035 | _aB-241141 | ||
| 037 | _bCen Lib/Ret | ||
| 040 |
_aDPL _bHN |
||
| 082 |
_a352.4043 _bमिश्रवि |
||
| 100 |
_aमिश्र, विनोद कुमार _986759 |
||
| 245 |
_aविकलांग स्वास्थ्य व आत्मनिर्भर कैसे बनें / _cविनोद कुमार मिश्र |
||
| 246 |
_aVikalang swasthye v aatmnirbhar kaise banen / _bby Vinod Kumar Mishra |
||
| 260 |
_aनई दिल्ली _bकल्याणी शिक्षा परिषद् _c2006 |
||
| 270 |
_a3320-21 जटवाड़ा, दरियागंज _bनई दिल्ली _e110002 |
||
| 300 |
_a240पृ. _c21सेमी(सजिल्द) |
||
| 650 |
_aविकलांग -- लोकप्रिय खेल _986760 |
||
| 650 |
_aविकलांग -- खेल व व्यायाम _986761 |
||
| 650 |
_aDisabled - Popular Games _986762 |
||
| 650 |
_aDisabled - Sports & Exercise _986763 |
||
| 942 |
_2ddc _cHN _h352.4043 _mमिश्रवि |
||
| 999 |
_c119769 _d119769 |
||